Univerzity v epoše tzv. společnosti vědění

Základom textu je prednáška prednesená na slávnostnom zhromaždení v Karolíne 7. apríla 2005 k 657. výročiu založenia Karlovy univerzity. Úvahy o poslaní, roli, možnostiach a perspektívach univerzít v epoche tzv. znalostnej spoločnosti.

Gespeichert in:
Bibliographische Detailangaben
1. Verfasser: Petrusek, Miloslav
Format: Buchkapitel
Sprache:Tschechisch
Schlagworte:
Tags: Tag hinzufügen
Keine Tags, Fügen Sie das erste Tag hinzu!

MARC

LEADER 00000naa$a2200000$$$4500
001 0038182
005 20231013113052.9
041 0 |a cze 
044 |a SK 
245 1 0 |a Univerzity v epoše tzv. společnosti vědění  |c Miloslav Petrusek 
520 |a Základom textu je prednáška prednesená na slávnostnom zhromaždení v Karolíne 7. apríla 2005 k 657. výročiu založenia Karlovy univerzity. Úvahy o poslaní, roli, možnostiach a perspektívach univerzít v epoche tzv. znalostnej spoločnosti. 
610 2 0 |a univerzity 
610 2 0 |a spoločnosť vedomostná 
610 2 0 |a vedomosti 
610 2 0 |a spoločnosť informačná 
610 2 0 |a spoločnosť postkapitalistická 
610 2 0 |a hospodárstvo trhové 
100 1 |a Petrusek, Miloslav